ARRUPE JESUIT UNIVERSITY

CORONAVIRUS -STOP THE SPREAD - CLEAN,DISINFECT,COVER

Engaging the powers : (Record no. 118590)

MARC details
000 -LEADER
fixed length control field 01202cam a2200349 a 4500
001 - CONTROL NUMBER
control field 4479539
003 - CONTROL NUMBER IDENTIFIER
control field ARRUPE
005 - DATE AND TIME OF LATEST TRANSACTION
control field 20131111120425.0
008 - FIXED-LENGTH DATA ELEMENTS--GENERAL INFORMATION
fixed length control field 921222s1992 mnu b 001 0 eng
010 ## - LIBRARY OF CONGRESS CONTROL NUMBER
LC control number 92020578
020 ## - INTERNATIONAL STANDARD BOOK NUMBER
International Standard Book Number 080062646X (alk. paper) :
035 ## - SYSTEM CONTROL NUMBER
System control number (OCoLC)26094336
035 ## - SYSTEM CONTROL NUMBER
System control number (OCoLC)ocm26094336
035 ## - SYSTEM CONTROL NUMBER
System control number (NNC)4479539
040 ## - CATALOGING SOURCE
Original cataloging agency DLC
Transcribing agency DLC
Modifying agency DLC
-- NNUT
050 00 - LIBRARY OF CONGRESS CALL NUMBER
Classification number BS2545.P66
Item number W56 1984
090 ## - LOCALLY ASSIGNED LC-TYPE CALL NUMBER (OCLC); LOCAL CALL NUMBER (OCLC)
Classification number (OCLC) (R) ; Classification number, CALL (RLIN) (NR) BS2545.P66
Local cutter number (OCLC) ; Book number/undivided call number, CALL (RLIN) W56 1984
300 ## - PHYSICAL DESCRIPTION
Dimensions 23 cm.
100 1# - MAIN ENTRY--PERSONAL NAME
Personal name Wink, Walter.
9 (RLIN) 3517
245 10 - TITLE STATEMENT
Title Engaging the powers :
Remainder of title discernment and resistance in a world of domination /
Statement of responsibility, etc Walter Wink.
260 ## - PUBLICATION, DISTRIBUTION, ETC. (IMPRINT)
Place of publication, distribution, etc Minneapolis :
Name of publisher, distributor, etc Fortress Press,
Date of publication, distribution, etc c1992.
300 ## - PHYSICAL DESCRIPTION
Extent xvi, 424 p. ;
490 1# - SERIES STATEMENT
Series statement The Powers ;
Volume number/sequential designation v. 3
504 ## - BIBLIOGRAPHY, ETC. NOTE
Bibliography, etc Includes bibliographical references and indexes.
630 00 - SUBJECT ADDED ENTRY--UNIFORM TITLE
Uniform title Bible.
Name of part/section of a work New Testament
General subdivision Criticism, interpretation, etc.
9 (RLIN) 3518
650 #0 - SUBJECT ADDED ENTRY--TOPICAL TERM
Topical term or geographic name as entry element Powers (Christian theology)
General subdivision Biblical teaching.
9 (RLIN) 3519
650 #0 - SUBJECT ADDED ENTRY--TOPICAL TERM
Topical term or geographic name as entry element Good and evil
General subdivision Biblical teaching.
9 (RLIN) 3520
650 #0 - SUBJECT ADDED ENTRY--TOPICAL TERM
Topical term or geographic name as entry element Violence
General subdivision Biblical teaching.
9 (RLIN) 3521
650 #0 - SUBJECT ADDED ENTRY--TOPICAL TERM
Topical term or geographic name as entry element Nonviolence
General subdivision Biblical teaching.
9 (RLIN) 3522
800 1# - SERIES ADDED ENTRY--PERSONAL NAME
Personal name Wink, Walter.
Title of a work Powers ;
Volume/sequential designation v. 3.
9 (RLIN) 3523
942 ## - ADDED ENTRY ELEMENTS (KOHA)
Source of classification or shelving scheme Library of Congress Classification
Koha item type Monograph ( Printed materials)
Holdings
Withdrawn status Lost status Source of classification or shelving scheme Damaged status Not for loan Collection code Home library Current library Shelving location Date acquired Total Checkouts Full call number Barcode Date last seen Date checked out Price effective from Koha item type
    Library of Congress Classification     Main Collection ARRUPE LIBRARY ARRUPE LIBRARY Main Collection 11/11/2013 1 BS2545.P66 W56 1984 46410530 27/04/2017 11/01/2017 11/11/2013 Monograph ( Printed materials)

 

Arrupe Library. PO Box MP320 Mt Pleasant, Harare, Zimbabwe
263 242 745411|librarian@aju.ac.zw